Searching for Patterns : How we can know without asking

Uložené v:
Podrobná bibliografia
Hlavný autor: Chesney, Thomas (Autor)
Médium: Kniha
Jazyk:English
Vydavateľské údaje: Nottingham University Press, 2009
Tagy: Pridať tag
Žiadne tagy, Buďte prvý, kto otaguje tento záznam!

MARC

LEADER 00000nam a22000003a 4500
001 stu197432
005 20150617230035.2
008 091218s2009----uk------------------eng-d
020 |a 978-1-904761-24-2 
040 |a STU  |b slo 
041 0 |a eng 
044 |a uk 
100 1 |a Chesney, Thomas  |4 aut 
245 1 |a Searching for Patterns :  |b How we can know without asking 
260 |b Nottingham University Press,  |c 2009 
300 |a 150 s 
996 |c I*21NV6132  |l II680  |s A  |a 24  |w stu197432_0001